000 00659nam a2200181 i 4500
001 21048
003 ES-MaACL
005 20251014063049.0
007 t|
008 021120s1896 sp ||||1| spa d
100 1 _aAgacino y Martínez, Eugenio,
_d1851-1924
_918526
245 1 0 _aGuía práctica del marino mercante :
_bobra útil a los armadores, navieros, consignatarios, capitanes, pilotos, consules y maquinistas navalesr /
_cpor Eugenio Agacino.
260 _aCádiz :
_b[s.n.],
_c1896 (
_fTip. Gaditana)
300 _aX, 430 p. ;
_c22 cm.
650 7 _aMarina mercante
_2embne
_9136468
852 _aES-MaACL
_jG-1631
999 _c21048
_d21048